000 01047nam a2200253Ia 4500
003 OSt
005 20220918110713.0
006 a|||||r|||| 00| 0
007 ta
008 220915b |||||||| |||| 00| 0 hin d
024 _a268325
037 _cReference Collections
040 _aARTS
_cARTS
_bhin
041 _2hin
_ahin
082 _aO152,1M86:g(Y:1), M7(RR)
100 _aजायसवाल, मुन्नीलाल
_91672
245 0 _aमैथिलीशरण गुप्त के साहित्य का सांस्कृतिक अध्ययन
246 _aMaithilīsharaṇ gupta ke sāhitya kā sāanskṛutik adhyayana
260 _aगाजीपुर
_bश्री वशिष्ठ नारायण जायसवाल भारत
_c1987
300 _a220पृ0
650 _aहिन्दी साहित्य
942 _hO152,1M86:g(Y:1), M7(RR)
_cREF
999 _c114164
_d114164